00852nam a2200265Ia 4500001000700000003000500007008004100012010001100053020001800064040000900082082001800091100001800109245009800127260003200225300001100257500006500268503004400333504002700377650002300404650002900427650003100456650004000487700003300527700002600560Z_4451CHAP220113s1984 xx 000 0 und d a167521 a84-200-0524-X cCHAP a636.40824 H84 aHughes, P. E. aReproducción del cerdo /cP. E. Hughes y M.A. Valey ; traducción Mariano Illera Martín aEspaña :bAcribia,c1984 a253 p. aTraducción de la obra en íngles: Reproduction in the pig aej.1: 131711 \ ej.2: 199293 \ ej.3: C/E aIncluye bibliografía aCerdos xx Cría aCerdos xx Fisiología aCerdos xx Reproducción aCerdos xx Reproducción asistida a Illera Martin, Mariano, tr. aVarley, M. A., autor